| 000 | 00735nam a2200229Ia 4500 | ||
|---|---|---|---|
| 003 | OSt | ||
| 005 | 20260110085733.0 | ||
| 008 | 210716s2010 xx 000 0 und d | ||
| 020 | _a9788184043709 | ||
| 040 | _cAIMIT LIBRARY | ||
| 041 | _aeng | ||
| 082 |
_a621.399 _bSEGT |
||
| 100 |
_aSegaram, Toby. _9250941 |
||
| 245 |
_aProgramming collective intelligence: _bbuilding smart web 2.0 applications / _cBy Toby Segaran. |
||
| 250 | _a1st ed. | ||
| 260 |
_aNew Delhi : _bShroff Publishers and Distributors Pvt Ltd , _c2010. |
||
| 300 |
_axxi,334 p.; _bPB _c24cm. |
||
| 650 |
_aMaking recommendations _9250942 |
||
| 650 |
_aBuilding price Models _9250943 |
||
| 650 |
_aDiscovering groups _9250944 |
||
| 942 |
_2ddc _cBK _k621.399 SEGT |
||
| 999 |
_c191061 _d191061 |
||